[Event "Ch Russia (juniors) (under 20)"]
[Site "St. Petersburg (Russia)"]
[Date "2007.03.13"]
[Round "4"]
[White "Ponkratov Pavel (RUS)"]
[Black "Rakhmanov Aleksandr (RUS)"]
[Result "1-0"]
[WhiteElo "2469"]
[BlackElo "2473"]
[PlyCount "167"]
[EventDate "2007.??.??"]
[Source "www.chesslib.no"]
[SourceDate "2004.05.04"]

1. e4 e5 2. f4 exf4 3. Nf3 g5 4. Bc4 Bg7 5. O-O d6 6. c3 h6 7. d4 Nc6 8. h4 Qe7 9. Qb3 Bd7 10. Qxb7 Rb8 11. Qa6 Rb6 12. Qa3 g4 13. Ne1 Qxh4 14. Bxf4 g3 15. Rf3 Qh2+ 16. Kf1 Qh1+ 17. Ke2 Bg4 18. Nd2 Nge7 19. Bxg3 O-O 20. Kf2 Bxf3 21. Ndxf3 Qh5 22. Nd3 Qa5 23. Qxa5 Nxa5 24. Bb3 Nxb3 25. axb3 Rxb3 26. Rxa7 Rc8 27. Bxd6 Nc6 28. Rxc7 Rxc7 29. Bxc7 Nxd4 30. Nxd4 Bxd4+ 31. Ke2 Bxc3 32. bxc3 Rxc3 33. Bf4 Rc2+ 34. Kf3 Kg7 35. g3 f6 36. Be3 Rc4 37. Ne1 Ra4 38. Ng2 h5 39. Nh4 Kf7 40. Nf5 Ra3 41. Nd4 Ra4 42. Ne2 Kg6 43. Nf4+ Kg5 44. Nd5+ Kg6 45. Kf4 Kf7 46. Kf5 Ra6 47. Bc1 Ra1 48. Be3 Ra3 49. Bf4 Ra6 50. Bd2 Ra2 51. Bc3 Rf2+ 52. Nf4 Rf3 53. Bxf6 Rxg3 54. e5 Rf3 55. e6+ Ke8 56. Ke4 Rf1 57. Nxh5 Re1+ 58. Kf5 Rf1+ 59. Kg6 Re1 60. Ng7+ Kf8 61. Bg5 Re2 62. Kf6 Rxe6+ 63. Nxe6+ Ke8 64. Nc5 Kd8 65. Bf4 Kc8 66. Ke6 Kd8 67. Be5 Kc8 68. Kd5 Kd8 69. Nd3 Kd7 70. Nf4 Kc8 71. Kc6 Kd8 72. Nd5 Ke8 73. Kd6 Kd8 74. Ne7 Ke8 75. Ke6 Kd8 76. Bf4 Ke8 77. Bc7 Kf8 78. Nf5 Ke8 79. Ng7+ Kf8 80. Kf6 Kg8 81. Bd6 Kh7 82. Nf5 Kg8 83. Kg6 Kh8 84. Bc5 1-0

[Event "Hoogovens-B"]
[Site "Wijk aan Zee"]
[Date "1994.??.??"]
[Round "5"]
[White "Jonkman, Harmen"]
[Black "Hansen, Lars Bo"]
[Result "0-1"]
[WhiteElo "2340"]
[BlackElo "2545"]
[PlyCount "71"]
[EventDate "1994.01.??"]
[Source "ChessBase"]

1. e4 e5 2. f4 exf4 3. Nf3 g5 4. Bc4 Bg7 5. O-O d6 6. d4 h6 7. c3 Nc6 8. b4 Qe7 9. b5 Na5 10. Bd3 Bg4 11. Ba3 Qd7 12. Nbd2 Ne7 13. Qa4 b6 14. Bb4 Nb7 15. Qa6 Nc5 16. dxc5 dxc5 17. Bxc5 bxc5 18. Bc4 O-O 19. Qa3 c6 20. Qxc5 Rac8 21. b6 axb6 22. Qxb6 Bxc3 23. Rad1 Rcd8 24. Qb3 Bg7 25. e5 Nd5 26. h3 Qa7+ 27. Kh1 Bf5 28. Bxd5 cxd5 29. Qb2 Ra8 30. Ra1 f6 31. Qb3 fxe5 32. Qxd5+ Qf7 33. Qxf7+ Rxf7 34. Nb3 Bd3 35. Rfe1 e4 36. Rad1 0-1

[Event "ULIM Cup, Kishnev MDA"]
[Site "?"]
[Date "2001.??.??"]
[Round "8"]
[White "Zajarnyi, A."]
[Black "Khruschiov, A."]
[Result "0-1"]
[WhiteElo "2335"]
[BlackElo "2400"]
[PlyCount "58"]
[EventDate "2001.??.??"]
[Source "www.chesslib.no"]
[SourceDate "2004.05.04"]

1. e4 e5 2. f4 exf4 3. Nf3 g5 4. Bc4 Bg7 5. O-O d6 6. d4 Nc6 7. c3 h6 8. g3 Bh3 9. gxf4 Qd7 10. Kh1 O-O-O 11. fxg5 hxg5 12. Bxg5 Nf6 13. Nbd2 Bxf1 14. Qxf1 Rdg8 15. Nh4 d5 16. Bxf6 dxc4 17. Bxg7 Rxg7 18. Nhf3 Rgh7 19. Nxc4 f5 20. e5 Qd5 21. Kg1 Qe4 22. Ncd2 Qf4 23. Qe2 Ne7 24. Kh1 Nd5 25. Re1 Ne3 26. e6 Ng4 27. Nf1 c6 28. Rd1 Rh3 29. Rd3 Qe4 0-1

[Event "Helsinki HSK op"]
[Site "Helsinki"]
[Date "1996.??.??"]
[Round "1"]
[White "Kulaots, Kaido"]
[Black "Tuomala, Tapio"]
[Result "1-0"]
[WhiteElo "2400"]
[BlackElo "2285"]
[PlyCount "101"]
[EventDate "1996.??.??"]
[Source "www.chesslib.no"]
[SourceDate "2004.05.04"]

1. e4 e5 2. f4 exf4 3. Nf3 g5 4. Bc4 Bg7 5. O-O d6 6. d4 Nc6 7. c3 h6 8. g3 Bh3 9. gxf4 Bxf1 10. Kxf1 g4 11. Ng1 Qh4 12. Kg2 Nge7 13. Nd2 O-O 14. Nf1 d5 15. exd5 Na5 16. Bd3 Nxd5 17. Ng3 Rfe8 18. Nf5 Qh5 19. Qa4 b6 20. Bd2 Ne7 21. Ng3 Qh4 22. Re1 c6 23. b4 Nb7 24. Re5 Bxe5 25. fxe5 a5 26. b5 c5 27. Be4 Rab8 28. d5 Ng6 29. e6 Nd6 30. exf7+ Kxf7 31. Bxg6+ Kxg6 32. Qc2+ Kg7 33. c4 Rg8 34. Bf4 Rbe8 35. Bxd6 Qg5 36. Bf4 Qg6 37. Qxg6+ Kxg6 38. N3e2 h5 39. Bc7 h4 40. Nf4+ Kg5 41. Nge2 Re4 42. d6 Rg7 43. Bd8+ Kf5 44. Bxh4 Rd7 45. Be7 Rxf4 46. Nxf4 Kxf4 47. a4 Rb7 48. Bd8 Rd7 49. Bxb6 Ke4 50. Bc7 Ke5 51. b6 1-0

[Event "Vienna op"]
[Site "Vienna"]
[Date "1990.??.??"]
[Round "7"]
[White "Lendwai, Reinhard"]
[Black "Opl, Klaus"]
[Result "1-0"]
[WhiteElo "2380"]
[BlackElo "2285"]
[PlyCount "113"]
[EventDate "1990.10.??"]
[Source "ChessBase"]

1. e4 e5 2. f4 exf4 3. Nf3 g5 4. Bc4 Bg7 5. O-O h6 6. g3 d6 7. Ne1 Nf6 8. gxf4 Bg4 9. Be2 Bh3 10. Rf3 g4 11. Re3 Nc6 12. d4 Kf8 13. d5 Ne7 14. Nc3 h5 15. Bc4 Bh6 16. e5 Nd7 17. Re2 Nb6 18. Bb3 g3 19. Qd3 Bg4 20. Rg2 gxh2+ 21. Rxh2 Ng6 22. e6 Rg8 23. Ng2 Bxf4 24. Bxf4 Nxf4 25. Qh7 fxe6 26. Qh6+ Ke8 27. Qxf4 e5 28. Qh6 Qg5 29. Qxg5 Rxg5 30. Rf1 Ke7 31. Ne4 Rg6 32. Nh4 Rg7 33. Kh1 Rag8 34. Rg2 Nd7 35. Kh2 b6 36. c4 Nc5 37. Nxc5 bxc5 38. Bc2 a5 39. b3 Bd7 40. Rxg7+ Rxg7 41. Bf5 Be8 42. Be6 Rg5 43. Kh3 Kd8 44. Nf3 Rg7 45. Nh4 Rg5 46. Rf8 Ke7 47. Rh8 Bg6 48. Nxg6+ Rxg6 49. Rxh5 Rg1 50. Rf5 e4 51. Rf7+ Ke8 52. Rf4 Re1 53. Bf5 e3 54. Bg4 Ra1 55. a4 Kd8 56. Re4 Re1 57. Re6 1-0

[Event "Camp. austriaco 2008"]
[Site "Leoben AUT"]
[Date "2008.07.19"]
[Round "1"]
[White "Schwarhofer, C."]
[Black "Diermair, A."]
[Result "1-0"]
[WhiteElo "2227"]
[BlackElo "2388"]
[PlyCount "79"]
[EventDate "2008.07.19"]
[Source "www.chesslib.no"]
[SourceDate "2004.05.04"]

1. e4 e5 2. f4 exf4 3. Nf3 g5 4. Bc4 Bg7 5. O-O d6 6. d4 Nc6 7. c3 h6 8. Qa4 Bd7 9. Qb3 Qe7 10. Qxb7 Rb8 11. Qa6 Nf6 12. b4 Rb6 13. Qa3 O-O 14. b5 Nd8 15. e5 Ne8 16. Re1 g4 17. exd6 Qf6 18. Ne5 Rxd6 19. Rf1 Ne6 20. Bxe6 Qxe6 21. Nxd7 Qxd7 22. Bxf4 Rxd4 23. cxd4 Qxd4+ 24. Kh1 Qxa1 25. Qxa7 Qb2 26. a4 Qe2 27. Rc1 Bb2 28. Rg1 Qe4 29. Rf1 Qc4 30. Nd2 Qe6 31. Bxc7 Qd7 32. b6 Nxc7 33. Qxc7 Qxc7 34. bxc7 Rc8 35. Nc4 Bg7 36. Rxf7 Kxf7 37. Nd6+ Ke6 38. Nxc8 Kd7 39. Nd6 Kxc7 40. Ne8+ 1-0

[Event "TT/88/3 F corr"]
[Site "TT/88/3 F corr"]
[Date "1995.??.??"]
[Round "?"]
[White "Nilsson, Nils S"]
[Black "Niemand, Gerhard"]
[Result "1-0"]
[WhiteElo "2255"]
[BlackElo "2345"]
[PlyCount "69"]
[EventDate "1995.??.??"]
[Source "www.chesslib.no"]
[SourceDate "2004.05.04"]

1. e4 e5 2. f4 exf4 3. Nf3 g5 4. Bc4 Bg7 5. O-O h6 6. Nc3 d6 7. d4 Be6 8. d5 Bg4 9. h3 Bh5 10. Qd2 Ne7 11. Qf2 Nd7 12. Nd4 Ne5 13. Bb3 O-O 14. Bd2 c5 15. dxc6 bxc6 16. Kh1 Rb8 17. Rab1 c5 18. Nde2 N7c6 19. Nd5 Bg6 20. Nec3 Nd4 21. Rbe1 f3 22. Be3 fxg2+ 23. Qxg2 Ndc6 24. Rb1 Na5 25. Ba4 Nac4 26. Bb3 Nxe3 27. Nxe3 Kh7 28. Qg3 Qc8 29. Bd5 Bxe4+ 30. Nxe4 Rb6 31. Nf5 f6 32. Nexd6 Qb8 33. Nc4 Nxc4 34. Bxc4 Qc8 35. Rbe1 1-0

[Event "TT/88/3 F corr"]
[Site "TT/88/3 F corr"]
[Date "1995.??.??"]
[Round "?"]
[White "Niemand, Gerhard"]
[Black "Nilsson, Nils S"]
[Result "0-1"]
[WhiteElo "2340"]
[BlackElo "2255"]
[PlyCount "66"]
[EventDate "1995.??.??"]
[Source "www.chesslib.no"]
[SourceDate "2004.05.04"]

1. e4 e5 2. f4 exf4 3. Nf3 g5 4. Bc4 Bg7 5. O-O Nc6 6. c3 d6 7. d4 h6 8. g3 Bh3 9. gxf4 Bxf1 10. Qxf1 g4 11. Qg2 Qd7 12. d5 Nce7 13. Nd4 a6 14. Be3 Nf6 15. Nd2 O-O-O 16. a4 h5 17. b4 h4 18. b5 h3 19. Qf2 g3 20. hxg3 Ng4 21. Qf3 Nxe3 22. Qxe3 a5 23. Nc6 Rde8 24. Nxa5 Qg4 25. Nf1 Nf5 26. Qd3 Nh4 27. Nh2 Qg6 28. f5 Qg5 29. b6 Nxf5 30. Nf1 Nxg3 31. Nxg3 Be5 32. Kh2 Bxg3+ 33. Qxg3 Qd2+ 0-1

[Event "CZE-chT1a"]
[Site "Czech Republic"]
[Date "1995.??.??"]
[Round "?"]
[White "Trefny, Vlastimil"]
[Black "Rybak, Milan"]
[Result "0-1"]
[WhiteElo "2335"]
[BlackElo "2260"]
[PlyCount "90"]
[EventDate "1995.??.??"]
[Source "www.chesslib.no"]
[SourceDate "2004.05.04"]

1. e4 e5 2. f4 exf4 3. Nf3 g5 4. Bc4 Bg7 5. O-O d6 6. d4 h6 7. c3 Nc6 8. b4 Nf6 9. Qb3 O-O 10. Nbd2 Ng4 11. Re1 Ne3 12. d5 Ne7 13. Bd3 Ng6 14. Nf1 Nxf1 15. Rxf1 Ne5 16. Nxe5 Bxe5 17. Bd2 Qf6 18. Rae1 Bd7 19. Qc2 Rae8 20. c4 b6 21. h3 Qg6 22. Kh1 Qh5 23. Be2 Qh4 24. Qb3 g4 25. Rd1 g3 26. Qf3 f5 27. Qh5 Qxh5 28. Bxh5 fxe4 29. Bxe8 Bxe8 30. Rc1 f3 31. Bxh6 Rf6 32. Be3 Bh5 33. Rc2 f2 34. c5 dxc5 35. bxc5 bxc5 36. Bxc5 Bf4 37. Bxf2 Be3 38. Bxe3 Rxf1+ 39. Bg1 e3 40. Rxc7 e2 41. Re7 e1=Q 42. Rxe1 Rxe1 43. d6 Rd1 44. a4 Rxd6 45. Bxa7 Rd2 0-1

[Event "AUT Team Ch"]
[Site "Austria"]
[Date "1994.??.??"]
[Round "?"]
[White "Roth, Peter"]
[Black "Druckenthaner, Andreas"]
[Result "1/2-1/2"]
[WhiteElo "2290"]
[BlackElo "2285"]
[PlyCount "67"]
[EventDate "1994.??.??"]
[Source "www.chesslib.no"]
[SourceDate "2004.05.04"]

1. e4 e5 2. f4 exf4 3. Nf3 g5 4. Bc4 Bg7 5. O-O d6 6. d4 h6 7. c3 Nc6 8. g3 Bh3 9. Rf2 Nf6 10. Qe1 fxg3 11. hxg3 Qe7 12. Nbd2 O-O-O 13. Re2 Bg4 14. b4 h5 15. b5 Na5 16. Bd3 h4 17. e5 Nh5 18. Ba3 Nxg3 19. Rf2 Bxf3 20. Nxf3 Qe6 21. Nxg5 Qg4 22. Nxf7 Ne2+ 23. Kf1 Nf4 24. Qe3 dxe5 25. Nxd8 Rxd8 26. Bb4 h3 27. Qe4 Qh4 28. Qh7 Qg3 29. Rd1 Rh8 30. dxe5 Nxd3 31. Qf5+ Kb8 32. Qxd3 Qh4 33. Rh2 Qc4 34. Rxh3 1/2-1/2

[Event "Tuzla"]
[Site "Tuzla"]
[Date "1990.??.??"]
[Round "12"]
[White "Mujic, Hamza"]
[Black "Vasiljevic, Bozidar"]
[Result "1/2-1/2"]
[WhiteElo "2315"]
[BlackElo "2260"]
[PlyCount "84"]
[EventDate "1990.??.??"]
[Source "www.chesslib.no"]
[SourceDate "2004.05.04"]

1. e4 e5 2. f4 exf4 3. Nf3 g5 4. Bc4 Bg7 5. O-O h6 6. g3 d6 7. d4 Bh3 8. Re1 Nc6 9. c3 Qd7 10. Kh1 fxg3 11. hxg3 O-O-O 12. Be3 Nf6 13. d5 Nb8 14. Bxa7 Bg4 15. Kg2 h5 16. Nbd2 h4 17. Rh1 Nh5 18. gxh4 gxh4 19. Be3 Ng3 20. Bg5 Nxh1 21. Bxd8 Qxd8 22. Kxh1 Be5 23. Qe2 Nd7 24. Qe3 Kb8 25. Rg1 f5 26. exf5 Bxf5 27. Qg5 Qxg5 28. Rxg5 Bc2 29. Bb5 Bf4 30. Bxd7 Bxg5 31. Nxg5 Rf8 32. Ndf3 Be4 33. Nxe4 Rxf3 34. a4 Re3 35. Nf2 Re1+ 36. Kg2 Re2 37. Kf3 Rxb2 38. Ke3 Rc2 39. Ne4 Ra2 40. Nd2 h3 41. Bxh3 Rxa4 42. Ne4 Ra1 1/2-1/2

[Event "BEL-chT9899"]
[Site "Antwerp"]
[Date "1998.11.22"]
[Round "3"]
[White "Van Wessel, Rudy"]
[Black "Henris, Luc"]
[Result "1-0"]
[WhiteElo "2315"]
[BlackElo "2255"]
[PlyCount "107"]
[EventDate "1998.10.??"]
[Source "www.chesslib.no"]
[SourceDate "2004.05.04"]

1. e4 e5 2. f4 exf4 3. Nf3 g5 4. Bc4 Bg7 5. O-O d6 6. d4 Nc6 7. c3 h6 8. g3 Bh3 9. gxf4 Bxf1 10. Qxf1 g4 11. Ne1 Qd7 12. Bb5 d5 13. e5 Nge7 14. Nd3 O-O 15. Na3 Qc8 16. Nc2 Nd8 17. Ne3 c6 18. Ba4 f5 19. Bc2 Ne6 20. Nc5 Kh8 21. Bd2 h5 22. Nxe6 Qxe6 23. Qd3 Bh6 24. Rf1 Rf7 25. Be1 Raf8 26. Bh4 Ng6 27. Ng2 Nxh4 28. Nxh4 Kg7 29. h3 b5 30. Qg3 Kh8 31. hxg4 hxg4 32. Rf2 Rh7 33. Rh2 Rff7 34. Ng2 Bf8 35. Ne3 Qg6 36. Rxh7+ Qxh7 37. Qh2 g3 38. Qxh7+ Rxh7 39. Kg2 b4 40. Kxg3 bxc3 41. bxc3 Rh1 42. Nxf5 Ra1 43. Bb3 Rc1 44. Kg4 Rxc3 45. e6 c5 46. dxc5 Rxc5 47. e7 Bxe7 48. Nxe7 d4 49. Kf3 Rc3+ 50. Kf2 a5 51. f5 Kg7 52. f6+ Kh6 53. f7 Kg7 54. Ng6 1-0

[Event "Baden Ch"]
[Site "Zell"]
[Date "1993.??.??"]
[Round "3"]
[White "Metz, Hartmut"]
[Black "Scherer, Helmut"]
[Result "1-0"]
[WhiteElo "2270"]
[BlackElo "2295"]
[PlyCount "81"]
[EventDate "1993.??.??"]
[Source "www.chesslib.no"]
[SourceDate "2004.05.04"]

1. e4 e5 2. f4 exf4 3. Nf3 g5 4. Bc4 Bg7 5. O-O d6 6. d4 Nc6 7. c3 h6 8. g3 Qe7 9. gxf4 gxf4 10. Bxf4 Bh3 11. Rf2 O-O-O 12. Nbd2 Nf6 13. Bg3 Ng4 14. Re2 h5 15. Qe1 Rdg8 16. Kh1 Nh6 17. b4 Re8 18. b5 Nd8 19. a4 Qf8 20. Nh4 Bf6 21. Ndf3 Ne6 22. a5 Bd8 23. b6 cxb6 24. a6 Kb8 25. axb7 Nc7 26. Qb1 Kxb7 27. Rea2 a6 28. Bxa6+ Nxa6 29. Rxa6 Kc6 30. Ra7 Bc7 31. Qb3 Rc8 32. Qd5+ Kd7 33. Ne5+ Kd8 34. Nc6+ Kd7 35. Qb5 Qg7 36. Nb4+ Ke7 37. Nd5+ Kf8 38. Rxc7 Rxc7 39. Nxc7 Qg4 40. Qd3 Rg8 41. Nd5 1-0

[Event "WT/M\\539 CCYB"]
[Site "corr WT/M\\539 CCYB"]
[Date "1992.??.??"]
[Round "?"]
[White "Roebuck, D."]
[Black "Schumacher, Helmut"]
[Result "1-0"]
[WhiteElo "2325"]
[BlackElo "2240"]
[PlyCount "43"]
[EventDate "1992.??.??"]
[Source "www.chesslib.no"]
[SourceDate "2004.05.04"]

1. e4 e5 2. f4 exf4 3. Nf3 g5 4. Bc4 Bg7 5. O-O h6 6. d4 d6 7. c3 Nc6 8. h4 Qe7 9. a4 Bd7 10. a5 O-O-O 11. b4 f5 12. b5 Nb8 13. e5 dxe5 14. Ba3 Qe8 15. Qb3 exd4 16. Re1 Qh5 17. b6 cxb6 18. axb6 a6 19. Bf7 Qg4 20. Qc4+ Bc6 21. Be6+ Nd7 22. Bd6 1-0

[Event "Bader mem op"]
[Site "?"]
[Date "2000.10.21"]
[Round "3.1"]
[White "Eberth Zoltan"]
[Black "Hajnal Zoltan"]
[Result "0-1"]
[WhiteElo "2176"]
[BlackElo "2380"]
[PlyCount "59"]
[EventDate "2000.??.??"]
[Source "www.chesslib.no"]
[SourceDate "2004.05.04"]

1. e4 e5 2. f4 exf4 3. Nf3 g5 4. Bc4 Bg7 5. O-O d6 6. c3 Nc6 7. d4 h6 8. b4 Nf6 9. Qb3 O-O 10. Nbd2 Nh5 11. Bb2 g4 12. Ne1 Qh4 13. Nd3 f3 14. Rae1 a5 15. a3 a4 16. Qd1 fxg2 17. Rf2 g3 18. Rxg2 gxh2+ 19. Rxh2 Bh3 20. Qf3 Qg5+ 21. Kf2 Bg4 22. Qe3 Qf6+ 23. Nf3 Rae8 24. Rg1 Qg6 25. Bd5 Ne7 26. Rxh5 Qxh5 27. Nf4 Nxd5 28. Nxh5 Nxe3 29. Nxg7 Kxg7 30. Kxe3 0-1

[Event "Grigorov (memorial)"]
[Site "?"]
[Date "2003.12.14"]
[Round "7"]
[White "Pernishki Ljuben"]
[Black "Karakehajov Kalin"]
[Result "0-1"]
[WhiteElo "2210"]
[BlackElo "2319"]
[PlyCount "55"]
[EventDate "2003.??.??"]
[Source "www.chesslib.no"]
[SourceDate "2004.05.04"]

1. e4 e5 2. f4 exf4 3. Nf3 g5 4. Bc4 Bg7 5. O-O Nc6 6. c3 d6 7. d4 h6 8. Nbd2 Nge7 9. b4 Ng6 10. h3 O-O 11. Nb3 Kh8 12. b5 Nce7 13. Nh2 f5 14. Bd3 fxe4 15. Bxe4 Bf5 16. Bxb7 Rb8 17. Bc6 Nxc6 18. bxc6 Qe8 19. Na5 Qe4 20. Re1 Qd5 21. Qa4 Nh4 22. Re2 f3 23. Nxf3 Nxf3+ 24. gxf3 Qxf3 25. Re3 Qh5 26. Bd2 Bxh3 27. d5 Rf4 28. Qd1 0-1

[Event "TT/88/3 S1"]
[Site "TT/88/3 S1"]
[Date "1992.??.??"]
[Round "?"]
[White "Niemand G.(A)"]
[Black "Roos B.(S)"]
[Result "1-0"]
[WhiteElo "2345"]
[BlackElo "2165"]
[PlyCount "45"]
[EventDate "1992.??.??"]
[Source "www.chesslib.no"]
[SourceDate "2004.05.04"]

1. e4 e5 2. f4 exf4 3. Nf3 g5 4. Bc4 Bg7 5. O-O h6 6. d4 d6 7. c3 c6 8. h4 d5 9. exd5 cxd5 10. Bb5+ Nc6 11. Qa4 Bd7 12. Re1+ Kf8 13. hxg5 hxg5 14. Bxc6 bxc6 15. Qa3+ Ne7 16. Nxg5 f6 17. Bxf4 Bh6 18. Rxe7 Qxe7 19. Bd6 Bxg5 20. Bxe7+ Kf7 21. Bxf6 Kxf6 22. Qd6+ Be6 23. Qe5+ 1-0

[Event "TT/88/3 S1"]
[Site "TT/88/3 S1"]
[Date "1992.??.??"]
[Round "?"]
[White "Roos B.(S)"]
[Black "Niemand G.(A)"]
[Result "0-1"]
[WhiteElo "2165"]
[BlackElo "2345"]
[PlyCount "42"]
[EventDate "1992.??.??"]
[Source "www.chesslib.no"]
[SourceDate "2004.05.04"]

1. e4 e5 2. f4 exf4 3. Nf3 g5 4. Bc4 Bg7 5. O-O h6 6. d4 d6 7. c3 Nc6 8. h4 g4 9. Ne1 Qxh4 10. Bxf4 f5 11. g3 Qh5 12. Ng2 fxe4 13. Be3 Nf6 14. Nf4 Qf5 15. Nd5 Nxd5 16. Rxf5 Nxe3 17. Qe2 Nxf5 18. Qxg4 Ncxd4 19. Qxe4+ Kd8 20. g4 Re8 21. Qd3 Re3 0-1

[Event "Sub-zt"]
[Site "?"]
[Date "2001.??.??"]
[Round "?"]
[White "Urbina, R."]
[Black "Romero, Ar"]
[Result "0-1"]
[WhiteElo "2275"]
[BlackElo "2195"]
[PlyCount "80"]
[EventDate "2001.??.??"]
[Source "www.chesslib.no"]
[SourceDate "2004.05.04"]

1. e4 e5 2. f4 exf4 3. Nf3 g5 4. Bc4 Bg7 5. O-O d6 6. d4 h6 7. c3 Ne7 8. g3 g4 9. Nh4 f3 10. Nxf3 d5 11. exd5 gxf3 12. Qxf3 O-O 13. Be3 Nf5 14. Bf4 Nd6 15. Bb3 Bh3 16. Rf2 f5 17. Nd2 Nd7 18. Qd3 Nf6 19. Re2 Kh8 20. Re6 Nde4 21. c4 Ng5 22. Re3 Nfe4 23. Rae1 Qd7 24. c5 Nxd2 25. Qxd2 Rae8 26. Be5 Kh7 27. Kh1 Ne4 28. Qb4 Bxe5 29. dxe5 Rxe5 30. Qxb7 Qe7 31. d6 cxd6 32. Qxe7+ Rxe7 33. cxd6 Rd7 34. Be6 Rxd6 35. Rxe4 fxe4 36. Bxh3 Rf2 37. Kg1 Rxb2 38. Rxe4 Rd1+ 39. Bf1 Rxa2 40. h4 Raa1 0-1

[Event "Budapest HUN"]
[Site "?"]
[Date "1997.??.??"]
[Round "1"]
[White "Nagy Miklos"]
[Black "Balogh Tomas"]
[Result "0-1"]
[WhiteElo "2095"]
[BlackElo "2345"]
[PlyCount "102"]
[EventDate "1997.??.??"]
[Source "www.chesslib.no"]
[SourceDate "2004.05.04"]

1. e4 e5 2. f4 exf4 3. Nf3 g5 4. Bc4 Bg7 5. O-O d6 6. d4 h6 7. Nc3 Ne7 8. g3 Nbc6 9. Kh1 Bh3 10. Rf2 Qd7 11. gxf4 g4 12. Ng1 Bxd4 13. Nxh3 gxh3 14. Rf1 h5 15. Nd5 O-O-O 16. c3 Bg7 17. Rg1 Rdg8 18. Be3 a6 19. Qf3 Nxd5 20. Bxd5 Nd8 21. Rg3 h4 22. Rg4 Bf6 23. Rag1 Re8 24. Rd1 Qe7 25. f5 Qd7 26. Bd4 Qe7 27. b4 Rhg8 28. Rdg1 Rxg4 29. Rxg4 Bxd4 30. cxd4 Qf6 31. Qd3 Kb8 32. a4 Qh6 33. b5 axb5 34. axb5 Qc1+ 35. Rg1 Qb2 36. Qxh3 Qxb5 37. Qxh4 Qd3 38. Qg3 Qxd4 39. Qf3 c6 40. Rd1 Qb4 41. Ba2 Rxe4 42. Rb1 Re1+ 43. Rxe1 Qxe1+ 44. Kg2 Kc7 45. Qg3 Qe2+ 46. Qf2 Qxf2+ 47. Kxf2 Kd7 48. h4 Ke7 49. h5 f6 50. h6 d5 51. Bb1 Nf7 0-1

[Event "10th AKN Weekender, Haarlem NED"]
[Site "?"]
[Date "2001.??.??"]
[Round "1"]
[White "De Boer, A."]
[Black "Veltkamp, G."]
[Result "0-1"]
[WhiteElo "2215"]
[BlackElo "2205"]
[PlyCount "40"]
[EventDate "2001.??.??"]
[Source "www.chesslib.no"]
[SourceDate "2004.05.04"]

1. e4 e5 2. f4 exf4 3. Nf3 g5 4. Bc4 Bg7 5. O-O d6 6. d4 h6 7. Nc3 Nc6 8. Qd3 Nge7 9. b4 a6 10. a3 Bg4 11. Ne2 O-O 12. c3 d5 13. exd5 Nxd5 14. Bb3 Bxf3 15. Qxf3 Nxc3 16. Nxf4 Nxd4 17. Bxf7+ Rxf7 18. Qh5 Nde2+ 19. Nxe2 Rxf1+ 20. Kxf1 Qd1+ 0-1

[Event "Najdorf U20 op"]
[Site "?"]
[Date "2003.10.04"]
[Round "5.3"]
[White "Fusco Leonardo"]
[Black "Hungaski Roberto"]
[Result "0-1"]
[WhiteElo "2273"]
[BlackElo "2145"]
[PlyCount "34"]
[EventDate "2003.??.??"]
[Source "www.chesslib.no"]
[SourceDate "2004.05.04"]

1. e4 e5 2. f4 exf4 3. Nf3 g5 4. Bc4 Bg7 5. O-O d6 6. d4 h6 7. c3 Nc6 8. g3 Bh3 9. Re1 fxg3 10. hxg3 Qd7 11. b4 O-O-O 12. Qb3 Nf6 13. Nbd2 d5 14. Bb5 Nxe4 15. Nxe4 dxe4 16. Rxe4 Qf5 17. Bxc6 Qxf3 0-1

[Event "Bad Wiessee"]
[Site "?"]
[Date "2001.11.02"]
[Round "7"]
[White "Pitl Gregory"]
[Black "Warter Siegfried"]
[Result "0-1"]
[WhiteElo "2243"]
[BlackElo "2118"]
[PlyCount "92"]
[EventDate "2001.??.??"]
[Source "www.chesslib.no"]
[SourceDate "2004.05.04"]

1. e4 e5 2. f4 exf4 3. Nf3 g5 4. Bc4 Bg7 5. O-O Nc6 6. d4 d6 7. c3 h6 8. g3 g4 9. Nh4 f3 10. Qb3 Qd7 11. Bf4 Na5 12. Qb4 Nxc4 13. Qxc4 Ne7 14. Na3 a6 15. Nc2 Qc6 16. Qd3 Qb5 17. c4 Qh5 18. Ne3 O-O 19. Rad1 Re8 20. b4 b6 21. Rf2 Bf6 22. Nhf5 Nxf5 23. exf5 Bb7 24. d5 Re7 25. h3 gxh3 26. g4 Qh4 27. Rxf3 Be5 28. Bxe5 Rxe5 29. Kh2 Rae8 30. Rdf1 Qg5 31. Re1 f6 32. Kxh3 b5 33. cxb5 axb5 34. Kg3 Kf7 35. Qxb5 Ba8 36. Qd3 h5 37. Rf4 hxg4 38. Qd4 Bxd5 39. Nxd5 Rxe1 40. Rxg4 Qxf5 41. Rf4 Qg5+ 42. Rg4 Qxg4+ 43. Qxg4 Rg1+ 44. Kf3 Rxg4 45. Kxg4 c6 46. Nc3 Re3 0-1

[Event "Cto. Individual Comunidad Valenciana"]
[Site "?"]
[Date "2003.09.18"]
[Round "6.6"]
[White "Pallardo Lozoya Jose Vicente"]
[Black "Fenollar Jorda Manuel"]
[Result "1-0"]
[WhiteElo "2115"]
[BlackElo "2234"]
[PlyCount "69"]
[EventDate "2003.??.??"]
[Source "www.chesslib.no"]
[SourceDate "2004.05.04"]

1. e4 e5 2. f4 exf4 3. Nf3 g5 4. Bc4 Bg7 5. O-O d6 6. c3 Nh6 7. d4 O-O 8. h4 Bf6 9. hxg5 Bxg5 10. Nxg5 Qxg5 11. Bxf4 Qh4 12. e5 dxe5 13. Bxe5 Ng4 14. Bf4 Nc6 15. Nd2 Ne7 16. Nf3 Qh5 17. Qb3 Nf5 18. Rae1 c6 19. Ne5 Nxe5 20. Bxe5 b5 21. Bd3 Be6 22. Qc2 Nh4 23. Re3 Ng6 24. Rg3 Bg4 25. Bf5 Bxf5 26. Rxf5 Qh4 27. Rf6 Qh5 28. Qd3 Rac8 29. Rh3 Qg5 30. Rg3 Qh5 31. Rf5 Qh4 32. Bf6 Qh6 33. Rh3 Qc1+ 34. Rf1 Qxb2 35. Rxh7 1-0

[Event "Aragon-chT"]
[Site "?"]
[Date "2003.??.??"]
[Round "1"]
[White "Campos Hernandez Antonio"]
[Black "Trigo Conde Isaac"]
[Result "1-0"]
[WhiteElo "2173"]
[BlackElo "2174"]
[PlyCount "127"]
[EventDate "2003.??.??"]
[Source "www.chesslib.no"]
[SourceDate "2004.05.04"]

1. e4 e5 2. f4 exf4 3. Nf3 g5 4. Bc4 Bg7 5. O-O d6 6. d4 Be6 7. Bd3 h6 8. c3 Ne7 9. Nbd2 O-O 10. Qe1 Ng6 11. d5 Bg4 12. Nd4 Ne5 13. Be2 c5 14. Bxg4 cxd4 15. Bf5 dxc3 16. bxc3 Nbd7 17. g3 Nd3 18. Qe2 N7e5 19. Rb1 Qa5 20. Nf3 Nxf3+ 21. Qxf3 Qxc3 22. gxf4 Bd4+ 23. Kh1 Nxc1 24. Qh5 Be3 25. fxg5 Qg7 26. Rbxc1 Bxc1 27. Rxc1 hxg5 28. Rg1 f6 29. Be6+ Rf7 30. h4 Kf8 31. Bxf7 Qxf7 32. Qh8+ Qg8 33. Qxf6+ Qf7 34. Qxd6+ Ke8 35. Qe5+ Kd7 36. Qxg5 Re8 37. Qg7 Qxg7 38. Rxg7+ Kd6 39. Rg4 b5 40. Kg2 b4 41. Kf3 a5 42. Ke3 Kc5 43. Rg1 Rh8 44. Rc1+ Kd6 45. Rh1 Rh6 46. Kd4 a4 47. Rh3 b3 48. axb3 axb3 49. Rxb3 Rxh4 50. Rb6+ Kd7 51. Re6 Rh1 52. Rf6 Ke7 53. Ke5 Rh5+ 54. Rf5 Rh6 55. d6+ Ke8 56. Rf6 Rh4 57. Kd5 Kd7 58. Rf7+ Ke8 59. d7+ Kd8 60. e5 Rh1 61. Ke6 Rh8 62. Kd6 Rh6+ 63. e6 Rf6 64. Ke5 1-0

[Event "It (open)"]
[Site "Dortmund (Germany)"]
[Date "2007.06.30"]
[Round "8"]
[White "Schlierkamp Ferdin (GER)"]
[Black "Meyer Gerd (GER)"]
[Result "0-1"]
[WhiteElo "2229"]
[BlackElo "2092"]
[PlyCount "84"]
[EventDate "2007.??.??"]
[Source "www.chesslib.no"]
[SourceDate "2004.05.04"]

1. e4 e5 2. f4 exf4 3. Nf3 g5 4. Bc4 Bg7 5. O-O d6 6. d4 h6 7. Nc3 Nc6 8. g3 Bh3 9. Re1 Nge7 10. gxf4 Qd7 11. f5 g4 12. d5 Ne5 13. Nxe5 Bxe5 14. Bb5 c6 15. dxc6 bxc6 16. Bf1 Bxf1 17. Rxf1 Rb8 18. Ne2 c5 19. c3 Qc6 20. Qc2 Ng8 21. Nf4 Nf6 22. Re1 Kd7 23. Nd3 Kc7 24. Nxe5 dxe5 25. Qd3 Rbd8 26. Qc4 Rd7 27. a3 Rhd8 28. Bxh6 g3 29. hxg3 Rg8 30. Kg2 Rg4 31. Kf3 Rxg3+ 32. Kxg3 Nh5+ 33. Kf3 Qxh6 34. Qxc5+ Kb7 35. Qe3 Nf4 36. Rh1 Qg5 37. Qg1 Rd3+ 38. Kf2 Nh3+ 39. Rxh3 Qd2+ 40. Kf1 Rxh3 41. Qg2 Qd3+ 42. Kf2 Qe3+ 0-1